| 000 | 01110nam0a22003011 4500 | ||
|---|---|---|---|
| 001 | v19\rc\1361701 | ||
| 005 | 20250618082018.0 | ||
| 035 | _a(NLR Aleph) 004503345 | ||
| 090 |
_a4696285 _c4696285 |
||
| 100 | _a20060512e18661866|||y0rusy50 ca | ||
| 101 | 0 | _arus | |
| 102 | _aRU | ||
| 105 | _ay z ||||| | ||
| 200 | 1 |
_aЗаметки на некоторые передовые статьи "Биржевых ведомостей" _f[С. Пурлевский] |
|
| 210 |
_a[Санкт-Петербург] _cтип. В. Безобразова и К° _dценз. 1866 |
||
| 215 |
_a54 с. _d24 |
||
| 300 | _aАвт. указан в конце текста | ||
| 309 | _aБез тит. л. и обл. | ||
| 311 | _aИз "Торг. сб.", 1866 г., №№ 44, 49 и 50 | ||
| 488 | 0 |
_12001#$aТорговый сборник$v1866, № 44, 49, 50 _tТорговый сборник |
|
| 700 | 1 |
_aПурлевский _bС. |
|
| 801 | 0 |
_aRU _bNLR _gpsbo |
|
| 801 | 0 |
_aRU _bRuMoRGB _2psbo |
|
| 801 | 1 |
_aRU _bProSoft-M _2rusmarc |
|
| 852 |
_aNLR _j18.122.3.87 |
||
| 899 |
_aRuMoRGB _jE 61/157 |
||
| 942 | _cBOOK | ||
| 980 | _aNB | ||